00547cam a2200169 a 4500020003500000020003500035041000800070082001700078100002100095245010900116260006400225300001700289650001800306650001300324650001800337700002200355 a0791439232 (hbk. : alk. paper) a0791439240 (pbk. : alk. paper) aENG00a294.517bNEL aNelson, Lance E.00aPurifying the earthly body of God : Religion and ecology in Hindu India SUNY Series in Religious Studies aAlbany, N.Y. :bState University of New York Press,cc1998. aix, 366 p. ; 0aHuman ecology 0aHinduism 0aHuman ecology1 aNelson, Lance E.,